00418cam a22001097a 4500008003800000082001600038245007600054260006000130500003200190650003100222700005500253180718b-- xxu||||| |||| 00| 0 eng d aL906x5441 C aReport of the Comptroller and Auditor General of India, Gujarat (Civil) aAhmedabadbComptroller and Auditor General of Indiac-- aLibrary has 1991/92-2010/11 aAuditing - India - Gujarat aGujarat. Comptroller and Auditor General of India.